000 00554nam a2200205 a 4500
005 20140310183512.0
008 101014s19uu xx 00 eng d
020 _a9780495508205
050 _aP 118
_b.H698 2009
100 _aHoff, Erika
245 _aLanguage development /
_cErika Hoff.
250 _a4th
260 _aBermont,CA :
_bWadsworth Cengage Learning,
_c2009.
300 _a490 p. :
_bill. ;
_c26 cm.
521 _aEDU
650 _aLanguage development
650 _aLanguage acquisition
942 _cBK
_2lcc
_kFOR
999 _c24195
_d24195